Anatomy of seed plants (Record no. 21013)

MARC details
000 -LEADER
fixed length control field 00326nam a2200133Ia 4500
082 ## - DEWEY DECIMAL CLASSIFICATION NUMBER
Classification number 581.4:581.48
Item number ESA;1
100 ## - MAIN ENTRY--AUTHOR NAME
Personal name ESAU, Katherine
245 #0 - TITLE STATEMENT
Title Anatomy of seed plants
250 ## - EDITION STATEMENT
Edition statement Ed.2
260 ## - PUBLICATION, DISTRIBUTION, ETC. (IMPRINT)
Place of publication New York
Name of publisher John Wiley
Year of publication 1977
650 ## - SUBJECT ADDED ENTRY--TOPICAL TERM
Topical Term Seed plants
942 ## - ADDED ENTRY ELEMENTS (KOHA)
Koha item type Books
Holdings
Withdrawn status Lost status Damaged status Not for loan Collection code Home library Current library Date acquired Full call number Accession Number Koha item type
        Official use RRII Library RRII Library 16/12/2021 581.4:581.48 ESA;1 01735 Books